Départements avec des noms composés - Statistiques

Statistiques générales
  • Ce quiz a été pris 78 fois
    49 depuis la dernière actualisation
  • Le résultat moyen est 33 sur 41
Statistiques - réponses
Réponse % Correct
Alpes de Haute Provence
93%
Alpes Maritimes
93%
Bouches du Rhône
93%
Pyrénées Atlantiques
93%
Hautes Alpes
91%
Hautes Pyrénées
91%
Loir et Cher
91%
Pyrénées Orientales
91%
Charente Maritime
89%
Haute Garonne
89%
Loire Atlantique
89%
Haute Savoie
86%
Pas de Calais
86%
Seine et Marne
86%
Tarn et Garonne
86%
Haute Loire
84%
Bas Rhin
82%
Haute Corse
82%
Haut Rhin
82%
Lot et Garonne
82%
Corse du Sud
80%
Côtes d'Armor
80%
Haute Vienne
80%
Indre et Loire
80%
Val de Marne
80%
Haute Marne
77%
Hauts de Seine
77%
Saône et Loire
77%
Seine Maritime
77%
Seine Saint Denis
77%
Val d'Oise
77%
Côte d'Or
75%
Eure et Loir
75%
Meurthe et Moselle
75%
Ille et Vilaine
73%
Puy de Dôme
70%
Haute Saône
68%
Maine et Loire
68%
Deux Sèvres
66%
Territoire de Belfort
66%
La Réunion
43%
Aucun quiz correspondant
Distribution des résultats
% des personnes avec chaque résultat
Percentile par nombre de réponses
Votre historique - résultats
Vous n’avez pas pris ce quiz depuis la dernière actualisation